| 000 | 00363cam a22001217a 4500 | ||
|---|---|---|---|
| 008 | 180718b1977 xxu||||| |||| 00| 0 eng d | ||
| 082 | _aT0x47 M697 | ||
| 100 | _aMitra, Ashok | ||
| 245 |
_aTerms of exchange and accumulation: the Soviet debate _cby Ashok Mitra |
||
| 260 |
_aNew Delhi _bOrient Longman _c1977 |
||
| 300 | _a39p. | ||
| 650 | _aU.S.S.R.- Economic history | ||
| 999 |
_c349190 _d349190 |
||